chasse aux papillons (La)
| Auteur principal : | Delphine Chedru |
|---|---|
| Titre : | chasse aux papillons (La) |
| Support : | Livres |
| Langue : | Francais |
| Publié : |
2017 Hélium Paris |
| Genre : |
Album |
| Sujets : | |
| Étiquettes : |
Pas de tags
|
| LEADER | 00724nam0a2200205 450 | ||
|---|---|---|---|
| 001 | 16868196 | ||
| 010 | |a 978-2-330-07730-3 |b cart. |d 10,9 | ||
| 100 | |a 20170620d2017 u u0frey01 ba | ||
| 101 | 0 | |a fre | |
| 102 | |a FR | ||
| 200 | 0 | |a chasse aux papillons (La) |f Delphine Chedru | |
| 205 | |a Nouvelle édition | ||
| 207 | 1 | |a | |
| 210 | |a Paris |c Hélium |d 2017 | ||
| 215 | |a 1 vol. (12 p.) |c illustrations en couleur |d 20 x 17 cm | ||
| 330 | |a Alors que Léo lit, un papillon passe devant lui. Un livre animé par des flaps. Electre 2017 | ||
| 700 | 0 | |a Chedru |b Delphine |f 1971-.... |4 70 | |
| 900 | |a Album | ||
| 901 | |a Jeunesse | ||
| 995 | |a Médiathèque |c Médiathèque |f 00156009374679 |h 00156009374679 |k A CHE |o p |q j |r az |e Médiathèque | ||